000 01981nab a2200277 a 4500
005 20210219162602.0
008 991125s1985 mx 000 0 spa u
035 _aUPN01000207015
049 _aART
100 1 _aCarreón Guillén, Javier
100 1 _ujavierg@unam.mx
100 1 _aHernández Valdés, Jorge
100 1 _aGarcía Lirios, Cruz
100 1 _ugarcialirios@yahoo.com
222 0 _aENSEÑANZA E INVESTIGACION EN PSICOLOGIA
245 0 0 _aContrastación de un modelo de ciberconsumo
260 _aMéxico
300 _a218-226
362 0 _a2015 Volumen 20, número 2, mayo-agosto
520 _aEl consumo de productos y servicios en Internet se ha estudiado a partir de dos hipótesis , según las cuales los usuarios compran productos o contratan servicios en la medida en que la información se percibe como útil o riesgosa. Por consiguiente, la utilidad percibida supone que los protocolos de información digitales tienen mayores beneficios que costos, o bien, en comparación con otros modos de comercio, Internet resulta más compatible con estilos de vida implicados en dispositivos electrónicos. Sin embargo, la percepción de riesgo es un factor que no sólo inhibe las transferencias electrónicas, sino que además hace más selectiva la búsqueda y compra de bienes de consumo o la contratación de servicios. Precisamente, el objetivo del presente trabajo fue establecer las dimensiones de selectividad en torno al consumo electrónico. Para tal fin, se realizó una selección no probabilística de 188 internautas a los que se les aplicó un cuestionario de ciberconsumo, el cual obtuvo una consistencia interna adecuada. A partir de un modelo estructural, se estimó la validez reflectiva de cuatro indicadores del consumo en Internet. Los resultados se discuten a partir del estado actual del conocimiento
653 0 _aCIBERCONSUMO
653 0 _aINTERNET
653 0 _aRIESGO
653 0 _aSELECTIVIDAD
905 _aArticulo
999 _c179116
_d179116